Loading...
Annamalai university fifty-seventh annual report 1985
| Format: | Report |
|---|---|
| Published: |
Annamalainagar
Annamalai University
1986
|
| LEADER | 00434nam a22001337a 4500 | ||
|---|---|---|---|
| 003 | OSt | ||
| 999 | |c 192559 |d 192559 | ||
| 082 | |a UTY/ANN | ||
| 245 | |a Annamalai university fifty-seventh annual report 1985 | ||
| 260 | |a Annamalainagar |b Annamalai University |c 1986 | ||
| 300 | |a 171p. | ||
| 546 | |a English | ||
| 942 | |2 ddc |c REP | ||
| 952 | |0 0 |1 0 |2 ddc |4 0 |6 UTY_ANN |7 1 |8 REF |9 199116 |a KAUCLV |b KAUCLV |c REPORTS |d 2019-08-30 |o UTY/ANN |p 206597 |r 2019-08-30 |w 2019-08-30 |y REP | ||